| 000 | 00661nam a22001817a 4500 | ||
|---|---|---|---|
| 003 | BD-DhUL | ||
| 005 | 20161019160146.0 | ||
| 008 | 161019s1987 ii ||||| |||| 00| 0 eng d | ||
| 040 |
_aBD-DhUL _cBD-DhUL |
||
| 082 |
_a891.4409 _bRAR |
||
| 100 | 1 | _aরবীন্দ্রনাথ রায় | |
| 245 | 0 |
_aরবীন্দ্র মনন / _cরবীন্দ্রনাথ রায় |
|
| 260 |
_aকলকাতা : _bপুস্তুক বিপণি, _c১৯৮৭. |
||
| 300 |
_a ৬, ৩১৮ পৃ. ; _c২২ সে. মি. |
||
| 650 | 0 | _aবাংলা সাহিত্য | |
| 650 | 0 | _aBangla Literature | |
| 942 |
_2ddc _cBK |
||
| 999 |
_c111779 _d111779 |
||